| 000 | 00790nam a2200253 a 4500 | ||
|---|---|---|---|
| 001 | 000020658 | ||
| 003 | DO-SdBNP | ||
| 005 | 20230720110013.0 | ||
| 008 | 100812s2019 dr 000 f spa d | ||
| 020 | _a9789945177954 | ||
| 040 |
_aDO-SdBNP _bspa _cBPMSU |
||
| 082 | 4 |
_aRD863.5 _bH181n 2019 _222 |
|
| 100 | 1 |
_aHallal, Farah, _d1975- |
|
| 245 | 1 | 0 |
_aNúmero ocho / _cFarah Hallal. |
| 260 |
_aSanto Domingo : _bFundación SM, _c2019. |
||
| 300 |
_a219 p. ; _c19 cm. |
||
| 490 | 0 |
_aBarco de vapor, _v24 |
|
| 500 | _aIncluye datos biográficos de la autora | ||
| 590 | _aInventariado, 2023/VM | ||
| 650 | 4 | _aNovelas juveniles dominicanas | |
| 651 | 4 |
_aLos Limones, Sabana Grande de Boya (Republica Dominicana : municipio) _vNovela |
|
| 910 | _aVMateo V. Control de calidad | ||
| 942 |
_2ddc _cBK |
||
| 999 |
_c14436 _d14436 |
||